NFL Team Abbreviations - Statistics

General Stats
  • This quiz has been taken 26 times
  • The average score is 27 of 32
Answer Stats
Team Abbv. % Correct
Chiefs KC
95%
49ers SF
95%
Cardinals ARI
90%
Bills BUF
90%
Bears CHI
90%
Bengals CIN
90%
Browns CLE
90%
Broncos DEN
90%
Colts IND
90%
Buccaneers TB
90%
Commanders WAS
90%
Falcons ATL
85%
Panthers CAR
85%
Cowboys DAL
85%
Lions DET
85%
Packers GB
85%
Dolphins MIA
85%
Patriots NE
85%
Giants NYG
85%
Jets NYJ
85%
Eagles PHI
85%
Texans HOU
80%
Chargers LAC
80%
Raiders LV
80%
Vikings MIN
80%
Saints NO
80%
Steelers PIT
80%
Ravens BAL
75%
Rams LAR
75%
Seahawks SEA
75%
Titans TEN
75%
Jaguars JAX
60%
No matching quizzes found
Score Distribution
Percent of People with Each Score
Percentile by Number Answered
Your Score History
You have not taken this quiz